| 000 | 00714nam a2200241Ia 4500 | ||
|---|---|---|---|
| 003 | OSt | ||
| 005 | 20220926012757.0 | ||
| 006 | a|||||r|||| 00| 0 | ||
| 007 | ta | ||
| 008 | 220923b |||||||| |||| 00| 0 eng d | ||
| 020 | _a0029292700 | ||
| 037 | _cGeneral Book | ||
| 040 |
_aRTL _cRTL _beng |
||
| 041 |
_2eng _aeng |
||
| 082 | _aX9:8.73.N8, M6 | ||
| 100 |
_aSchonberger Richard J _9317241 |
||
| 245 | 0 |
_aWorld class manufacturing _b The lessons of simplic |
|
| 260 |
_aNew York _bFree Press U S A _c1986 |
||
| 300 |
_axi,253p. Appendix p. 229-36 _ccm. |
||
| 650 | _aIndustrial Management | ||
| 942 |
_hX9:8.73.N8, M6 _cGB _2CC |
||
| 999 |
_c624316 _d624316 |
||